Cẩm nang quản lý tài chính của kế toán trưởng đơn vị hành chính sự nghiệp

Sách hệ thống hóa những văn bản pháp luật mới nhất và những văn bản pháp luật hiện còn có hiệu lực trong lĩnh vực kế toán và các lĩnh vực có liên quan như chế độ kế toán đơn vị hành chính sự nghiệp; ngân sách nhà nước; chế độ kh...

Descripció completa

Guardat en:
Dades bibliogràfiques
Format: Llibre
Idioma:Undetermined
Publicat: Hà Nội Thống Kê 1999
Matèries:
Etiquetes: Afegir etiqueta
Sense etiquetes, Sigues el primer a etiquetar aquest registre!
Thư viện lưu trữ: Trung tâm Học liệu Trường Đại học Cần Thơ
LEADER 00987nam a2200181Ia 4500
001 CTU_35592
008 210402s9999 xx 000 0 und d
020 |b 81.000đ 
082 |a 657 
082 |b C120 
245 0 |a Cẩm nang quản lý tài chính của kế toán trưởng đơn vị hành chính sự nghiệp 
260 |a Hà Nội 
260 |b Thống Kê 
260 |c 1999 
520 |a Sách hệ thống hóa những văn bản pháp luật mới nhất và những văn bản pháp luật hiện còn có hiệu lực trong lĩnh vực kế toán và các lĩnh vực có liên quan như chế độ kế toán đơn vị hành chính sự nghiệp; ngân sách nhà nước; chế độ khấu hao cơ bản tài sản cố định; ... 
650 |a accounting,managerial accounting 
904 |i Minh, 000306 
980 |a Trung tâm Học liệu Trường Đại học Cần Thơ